[Event "GRE-ch U20"]
[Site "Trikala"]
[Date "2019.05.06"]
[Round "9"]
[White "Kadianis, Georgios"]
[Black "Koutsioumpas, Charalampos"]
[Result "1-0"]
[WhiteElo "2022"]
[BlackElo "1629"]
[PlyCount "73"]
[EventDate "2019.04.30"]
[EventType "swiss"]
[EventRounds "9"]
[EventCountry "GRE"]
[SourceTitle "CBM 190 Extra"]
[Source "ChessBase"]
[SourceDate "2019.07.15"]
[SourceVersion "1"]
[SourceVersionDate "2019.07.15"]
[SourceQuality "1"]

1. e4 e6 2. d4 d5 3. Nc3 Bb4 4. Qg4 Nf6 5. Qxg7 Rg8 6. Qh6 dxe4 7. Nge2 c5 8. Bd2 cxd4 9. Nxe4 Bxd2+ 10. Nxd2 Rg6 11. Qf4 Nc6 12. Nc4 Rg4 13. Qf3 e5 14. h3 Rg6 15. Ng3 e4 16. Qa3 Qe7 17. Nd6+ Kf8 18. 0-0-0 e3 19. Bd3 Rg5 20. Nc4 Qxa3 21. Nxa3 exf2 22. Ne4 Nxe4 23. Bxe4 Be6 24. Rhf1 Rd8 25. b3 Ra5 26. Kb2 Nb4 27. Rxf2 b5 28. Rfd2 Nxa2 29. Kxa2 b4 30. Rxd4 Rxd4 31. Rxd4 bxa3 32. Bxh7 f5 33. g4 fxg4 34. hxg4 Rg5 35. Ra4 Rxg4 36. Rxa7 Bxb3+ 37. Kxb3 1-0

[Event "GRE-ch U20"]
[Site "Trikala"]
[Date "2019.05.03"]
[Round "6"]
[White "Loukopoulos, Panagiotis Athanasi"]
[Black "Koutsioumpas, Charalampos"]
[Result "1-0"]
[WhiteElo "2051"]
[BlackElo "1629"]
[PlyCount "47"]
[EventDate "2019.04.30"]
[EventType "swiss"]
[EventRounds "9"]
[EventCountry "GRE"]
[SourceTitle "CBM 190 Extra"]
[Source "ChessBase"]
[SourceDate "2019.07.15"]
[SourceVersion "1"]
[SourceVersionDate "2019.07.15"]
[SourceQuality "1"]

1. e4 e6 2. d4 d5 3. e5 c5 4. c3 Nc6 5. Nf3 Nge7 6. Na3 cxd4 7. cxd4 Nf5 8. Nc2 Qb6 9. Bd3 Bd7 10. 0-0 a5 11. Rb1 Be7 12. g4 Nh6 13. h3 Nb4 14. Nxb4 axb4 15. Qe2 Rxa2 16. Be3 0-0 17. Ng5 Bxg5 18. Bxg5 Qxd4 19. Rfd1 Qb6 20. Qd2 Bb5 21. Qxb4 Ra5 22. Bxh7+ Kxh7 23. Qxf8 Qc7 24. Bf6 1-0